000 00928nam a2200253Ia 4500
003 OSt
005 20221005105722.0
006 a|||||r|||| 00| 0
007 ta
008 221004b |||||||| |||| 00| 0 hin d
020 _a9788189997472 (hbk)
_c350
024 _a1422
037 _b406, 22/03/2010, Swaraj Prakashan
_cTextual
040 _aCRL
_cCRL
_bhin
041 _2hin
_ahin
082 _a4,1, 152P9
100 _aराकेश कुमार
245 0 _aइलेक्ट्रॉनिक मीडिया एवं पत्रकारिता
246 _aIlekṭraॉnik mīḍiyā evan patrakāritā
260 _aनई दिल्ली
_bश्री नटराज प्रकाशन भारत
_c2009
300 _a190पृ0
_ccm.
942 _h4,1, 152P9
_cTEXL
_2cc
999 _c1016689
_d1016689